<?xml version="1.0" encoding="UTF-8"?>
<record
    xmlns:xsi="http://www.w3.org/2001/XMLSchema-instance"
    xsi:schemaLocation="http://www.loc.gov/MARC21/slim http://www.loc.gov/standards/marcxml/schema/MARC21slim.xsd"
    xmlns="http://www.loc.gov/MARC21/slim">

  <leader>02251cam a22002651a 4500</leader>
  <controlfield tag="001">233549659</controlfield>
  <controlfield tag="003">3228</controlfield>
  <controlfield tag="005">20221005112735.0</controlfield>
  <controlfield tag="008">081121s2010    nyu      b    001 0 eng d</controlfield>
  <datafield tag="020" ind1=" " ind2=" ">
    <subfield code="a">9780071600040</subfield>
  </datafield>
  <datafield tag="040" ind1=" " ind2=" ">
    <subfield code="c">RDA</subfield>
  </datafield>
  <datafield tag="082" ind1=" " ind2=" ">
    <subfield code="a">658.4092 GRIM</subfield>
  </datafield>
  <datafield tag="100" ind1="1" ind2=" ">
    <subfield code="a">Grimshaw, Jeff</subfield>
    <subfield code="q">(Jeff D.)</subfield>
    <subfield code="9">172456</subfield>
  </datafield>
  <datafield tag="245" ind1="1" ind2="0">
    <subfield code="a">Leadership without excuses :</subfield>
    <subfield code="b">how to create accountability and high performance (instead of just talking about it) /</subfield>
    <subfield code="c">Jeff Grimshaw, Gregg Baron.</subfield>
  </datafield>
  <datafield tag="260" ind1=" " ind2=" ">
    <subfield code="a">New York :</subfield>
    <subfield code="b">McGraw-Hill Professional,</subfield>
    <subfield code="c">c2010.</subfield>
  </datafield>
  <datafield tag="300" ind1=" " ind2=" ">
    <subfield code="a">xxiv, 280 pages ;</subfield>
    <subfield code="c">24 cm.</subfield>
  </datafield>
  <datafield tag="504" ind1=" " ind2=" ">
    <subfield code="a">Includes bibliographical references and index.</subfield>
  </datafield>
  <datafield tag="505" ind1="0" ind2=" ">
    <subfield code="a">Equip your people for moments of truth and tradeoff -- Invest excruciating minutes to ensure role clarity -- Use commander's intent to promote ownership, stretch your people, and align them with your business strategy -- Compete for attention -- Boost the credibility of your high expectations -- Reward what you want to see more of--and stop tolerating what you don't -- Use the other f-word to tap hidden sources of motivation -- Wield your biggest stick : the power to take things away -- When you have no authority, use increased confidence and reduced anxiety as your consequence currency -- Whet the appetite for truth -- Prevent excuses before they happen -- Banish the fantasies and fetishes that lead to fingerpointing -- Treat mistakes as intellectual capital and give negative feedback that doesn't freak people out.</subfield>
  </datafield>
  <datafield tag="520" ind1="1" ind2=" ">
    <subfield code="a">"There are three kinds of employees: Some are Saints; they're always accountable. Some are Sinners; they're never accountable. But most are Save-ables; sometimes they make good choices, sometimes they don't. What makes the difference? Leadership without Excuses has the answers." "Jeff Grimshaw and Gregg Baron help you put an end to the Save-ables' poor choices and excuse-making - and convert them into Saints. The secret is to communicate clear and credible expectations, create compelling consequences, and lead conversations grounded in reality."--BOOK JACKET.</subfield>
  </datafield>
  <datafield tag="650" ind1=" " ind2="0">
    <subfield code="a">Leadership.</subfield>
    <subfield code="9">172457</subfield>
  </datafield>
  <datafield tag="650" ind1=" " ind2="0">
    <subfield code="a">Teams in the workplace.</subfield>
    <subfield code="9">172458</subfield>
  </datafield>
  <datafield tag="650" ind1=" " ind2="0">
    <subfield code="a">Responsibility.</subfield>
    <subfield code="9">172459</subfield>
  </datafield>
  <datafield tag="700" ind1="1" ind2=" ">
    <subfield code="a">Baron, Gregg.</subfield>
    <subfield code="9">172460</subfield>
  </datafield>
  <datafield tag="942" ind1=" " ind2=" ">
    <subfield code="2">ddc</subfield>
    <subfield code="c">BOOK</subfield>
    <subfield code="w">172</subfield>
    <subfield code="x">Nondalo Biyela</subfield>
    <subfield code="y">172</subfield>
    <subfield code="z">Nondalo Biyela</subfield>
  </datafield>
  <datafield tag="999" ind1=" " ind2=" ">
    <subfield code="c">732403</subfield>
    <subfield code="d">732402</subfield>
  </datafield>
  <datafield tag="952" ind1=" " ind2=" ">
    <subfield code="0">0</subfield>
    <subfield code="1">0</subfield>
    <subfield code="2">ddc</subfield>
    <subfield code="4">0</subfield>
    <subfield code="7">0</subfield>
    <subfield code="8">600</subfield>
    <subfield code="a">DRIEL</subfield>
    <subfield code="b">DRIEL</subfield>
    <subfield code="c">GEN</subfield>
    <subfield code="d">2022-10-05</subfield>
    <subfield code="l">0</subfield>
    <subfield code="o">658.4092 GRIM</subfield>
    <subfield code="p">3322810056686</subfield>
    <subfield code="r">2022-10-05</subfield>
    <subfield code="w">2022-10-05</subfield>
    <subfield code="y">BOOK</subfield>
  </datafield>
</record>
